Countries that Visit Greece the Most - Statistics

General Stats
  • This quiz has been taken 82 times
  • The average score is 8 of 10
Answer Stats
# Visitors Country % Correct
750,250 United States
99%
2,397,169 United Kingdom
96%
1,522,100 France
93%
1,355,327 Italy
93%
2,810,350 Germany
92%
1,153,046 Turkey
88%
1,900,642 Bulgaria
73%
727,831 Serbia
64%
754,402 Poland
61%
3,023,059 North Macedonia
49%
No matching quizzes found
Score Distribution
Percent of People with Each Score
Percentile by Number Answered
Your Score History
You have not taken this quiz